000 nam a22 a 4500
999 _c2165
_d2165
003 AKMAL
005 20170515144435.0
008 170515s1985 my a e 000 0 may d
020 _a9679336026 (kkt.)
040 _aAKMAL
_cAKMAL
082 0 4 _a370 AWA
_222
090 0 0 _a370
_bAWA
100 0 _aAwang Had Salleh,
_cTan Sri Dato',
_d1934-
_94543
245 1 0 _aPendidikan dalam pemikiran /
_cAwang Had Salleh
260 _aPetaling Jaya :
_bPenerbit Fajar Bakti ,
_c1985
300 _a131ms. :
_bil. ;
_c22cm.
440 0 _aSiri pendidikan Fajar Bakti
_94544
650 0 _aEducation
_zMalaysia
_9844
942 _2ddc
_cBOOK